Súčasné ekonomické problémy transformujúcej sa ekonomiky medzinárodný seminár : zborník príspevkov

Bibliographic Details
Other Authors: Chajdiak, Jozef, 1952-2019 (Compiler)
Format: Book
Language:Slovak
PhysicalDescription:40 s. grafy, tab. 30 cm
Published: Bratislava Slovenská štatistická a demografická spoločnosť 1998
ISBN:809676585X
Subjects:

MARC

LEADER 00000cam a2200000 a 4500
001 vtls001327590
003 SK-MaSNL
005 20260425222132.0
008 250414s1998 xo aa r 10000 slo
015 |a SNBA1998/09-03056 
020 |a 809676585X 
035 |a SNK000280393 
035 |a urn:nbn:sk:snk-amjs7b 
035 |a urn:nbn:sk:snk:ar-a0bdnu 
035 |a e485742d-b534-4774-8e0a-95ddf2b70ae7 
040 |a SNK  |b slo  |c SNK  |e AACR2 
041 0 |a slo 
044 |a xo  |c SK 
080 |a 338(437.6)(082)  |2 1981 
245 0 0 |a Súčasné ekonomické problémy transformujúcej sa ekonomiky  |b medzinárodný seminár : zborník príspevkov  |c [zostavil: Jozef Chajdiak] 
260 |a Bratislava  |b Slovenská štatistická a demografická spoločnosť  |c 1998 
300 |a 40 s.  |b grafy, tab.  |c 30 cm 
500 |a Čiast. text čes. 
500 |a Údaj o zost. prevzatý z tiráže 
500 |a 50 výt. 
504 |a Bibliogr. odkazy 
650 0 7 |a ekonomika  |2 SNKPH  |9 789 
651 7 |a Slovensko  |2 SNKPHgeo  |9 14231 
655 7 |a zborníky konferencií  |2 SNKPH  |9 70153 
655 7 |a issue_zb  |2 SNK  |9 276493 
700 1 |a Chajdiak, Jozef,  |d 1952-2019  |4 com  |9 211046 
852 |a Slovenská národná knižnica 
919 |a 80-967658-5-X 
954 |a odborná, vedecká literatúra pôvodná (slovenská)  |2 lita 
954 |a odborná, vedecká literatúra cudzojazyčná (svetová)  |2 lita 
958 |a ART 
958 |a TL 
958 |a NB 
958 |a OND 
958 |a EUIPO 
999 |c 545698  |d 547628 
952 |t P60, <03>, [BOOK], {603}  |a SNK  |b SNK  |y PREZ  |7 0  |p 17A0134245  |o snkSB 58582  |i snkKSP 4001/98  |0 0  |1 0  |4 0  |d 1998-04-16  |l 0  |r 2017-06-30 00:00:00  |w 2026-02-23 
952 |t P60, <04>, [BOOK], {604}  |a SNK  |b SNK  |y VYP  |7 0  |p 17A0134246  |o snkSB 58582 D1  |i snkKSP 4002/98  |0 0  |1 0  |4 0  |d 1998-04-16  |l 0  |r 2005-01-02 00:00:00  |w 2026-02-23